|
|
|
|
| LEADER |
00000nam a2200000 4500 |
| 001 |
vtls008858862 |
| 003 |
SK-MaSNL |
| 005 |
20260301141816.0 |
| 008 |
031216s1546 fr a f 00100 lat |
| 015 |
|
|
|a SNBHFA
|
| 035 |
|
|
|a cpl000119630
|
| 040 |
|
|
|a SNK
|b slo
|c SNK
|e rda
|
| 041 |
1 |
|
|a lat
|h grc
|
| 044 |
|
|
|a fr
|c FR
|
| 072 |
|
7 |
|a 93/94
|x Dejiny (všeobecne)
|2 konspekt
|
| 080 |
|
|
|a 94(=411.16)
|2 2011
|
| 080 |
|
|
|a 93/94
|2 2011
|
| 100 |
0 |
|
|a Josephus Flavius,
|d asi 37-asi 100
|4 aut
|9 128523
|
| 245 |
1 |
0 |
|a [Omnia qvae extant, Opera]
|
| 264 |
|
3 |
|a [Lugduni]
|b [Seb. Gryphius]
|c [1546]
|
| 300 |
|
|
|a 86 nečíslovaných strán, 522 strán zachovaných
|c 16 cm
|
| 336 |
|
|
|a text
|b txt
|2 rdacontent
|
| 337 |
|
|
|a bez média
|b n
|2 rdamedia
|
| 338 |
|
|
|a zväzok
|b nc
|2 rdacarrier
|
| 500 |
|
|
|a Iniciálky s ornamentálnym a figurálnym pozadím v rámčeku na 4, 5, 7 riadkov, kustody, rukopisné poznámky v latinčine
|
| 504 |
|
|
|a Register, tlačené marginálie
|
| 510 |
4 |
|
|a Adams
|c J/363
|
| 546 |
|
|
|a Latinský text
|b Kurzíva
|
| 562 |
|
|
|a Defektný exemplár: chýba titulný list, rukopisné poznámky v latinčine.
|5 SNK ID 61472/1
|
| 563 |
|
|
|a Väzba: previazaná, plátená.
|5 SNK ID 61472/1
|
| 650 |
0 |
7 |
|a dejiny
|2 SNKPH
|9 3825
|
| 650 |
0 |
7 |
|a dejiny Židov
|2 SNKPH
|9 83301
|
| 700 |
1 |
|
|a Gryphius, Sébastien,
|d 1493-1556
|4 prt
|9 53981
|
| 852 |
|
|
|a snk
|b Historické fondy
|p ID 61472/1
|
| 958 |
|
|
|a ONDV
|
| 958 |
|
|
|a DA
|
| 999 |
|
|
|c 768321
|d 770251
|
| 952 |
|
|
|t Tlače 16. stor.
|a SNK
|b SNK
|c SNK_HF
|y PREZ
|7 0
|p 17A1397507
|o snkID 61472/1
|i snkF 80/74
|8 5
|0 0
|1 0
|4 0
|d 2021-06-11
|f 1
|l 0
|r 2026-02-24 00:26:09
|w 2026-02-24
|